Kluby Ekstraligi (żużel) 2011-2019 - Statystyki

Ogólne statystyki
  • Ten quiz został rozwiązany 452 razy
  • Średni wynik to 13 z 14
Statystyki odpowiedzi
Sezon Klub % Poprawnych
2019, 2018, 2017, 2016, 2015, 2014, 2013, 2012, 2011 Falubaz Zielona Góra
98%
2019, 2018, 2017, 2016, 2015, 2014, 2013, 2012, 2011 KS Apator Toruń
98%
2019, 2018, 2017, 2016, 2015, 2014, 2013, 2012, 2011 Sparta Wrocław
98%
2019, 2018, 2017, 2016, 2015, 2014, 2013, 2012, 2011 Stal Gorzów
98%
2019, 2018, 2017, 2016, 2015, 2014, 2013, 2012, 2011 Unia Leszno
98%
2017, 2016 ROW Rybnik
97%
2018, 2016, 2015, 2014, 2013, 2012, 2011 Unia Tarnów
97%
2019 Motor Lublin
96%
2019, 2018, 2017, 2014, 2013, 2012, 2011 Włókniarz Częstochowa
96%
2019, 2018, 2017, 2016, 2015 GKM Grudziądz
94%
2013, 2012 Polonia Bydgoszcz
94%
2015, 2013, 2012, 2011 Stal Rzeszów
90%
2014, 2012 Wybrzeże Gdańsk
85%
2013 Start Gniezno
77%
Nie znaleziono quizów pasujących do podanych kryteriów
Rozkład punktacji
Procent ludzi z każdym wynikiem
Percentyl według liczby udzielonych odpowiedzi
Twoja historia wyników
Nie rozwiązałeś tego quizu